How much do you know about the Pokemon Deoxys? - Statistics

General Stats
  • This quiz has been taken 7 times
  • The average score is 8 of 20
Answer Stats
Hint Answer % Correct
Deoxys was introduced in what games? (_____ and______) ruby and sapphire
100%
How many forms does Deoxys have? four
67%
Those games (see question 2) are part of which generation? three
67%
How many (canonical) Deoxys' exist? 2
50%
Deoxys has a stat total of what, for all of it forms? 600
50%
Which form is the best for competing in the pokeathlon? normal
50%
In Smash Bros Ultimate, Deoxys appears as a spirit in which form? normal
50%
Deoxys is the only Pokemon to learn which move by leveling up? psycho boost
50%
What form was introduced in the remake of Deoxys' release game speed
50%
Which form is banned from the battle frontier? speed
50%
Which form can appear from a PokeBall in Super Smash Bros. Brawl? attack
33%
Which games are the only ones to contain the same Pokedex entry across both mainline games for deoxys? (____ ____ and _____ _____) brilliant diamond and shining pearl
33%
Deoxys was featured in an early 21st century movie titled: "Pokemon, ______ _____." destiny deoxys
33%
Deoxys played a storyline role in what side series games? (Pokemon(super): _____ _____) mystery dungeon
33%
The Deoxys forms are game specific for which gens remakes? one
33%
Which Pokemon does Deoxys have major beef with? rayquaza
17%
Which evil group attempted to kidnap Deoxys for their evil-doing in the main-line Pokemon anime? team rocket
17%
What colours is Deoxys shiny? (_____ and ____) yellow and teal
17%
What is Deoxys Pokedex number? 0386
0%
Deoxys appeared in which episode of Pokemon Generations? the scoop
0%
No matching quizzes found
Score Distribution
Percent of People with Each Score
Percentile by Number Answered
Your Score History
You have not taken this quiz